000 00511nam a2200169Ia 4500
005 20250508155936.0
008 008 250505s9999 xx 000 0 eng d
037 _aBooks to be hide in OPAC
040 _aFEDL
_beng
_cFEDL
041 _aeng
_2eng
084 _a371.160942, GRE
_qFEDL
245 0 _aAnnual report for 1911 of the chief medical officers of board of education Great Britain
260 _c1911
300 _a334p.
942 _cHB
_h371.160942, GRE
999 _c1360276
_d1360276